Statistics for Countries By Lithuanian Ancestry

Click here to take the quiz!

General Stats

  • This quiz has been taken 42 times
  • The average score is 20 of 25

Answer Stats

TotalCountry% Correct
39,970Latvia
98%
125,850Russia
98%
652,790United States
98%
67,220Poland
95%
212,500United Kingdom
95%
70,250Canada
93%
82,000Germany
93%
7,300Finland
90%
2,37 milLithuania
90%
23,500Sweden
90%
20,660Belarus
88%
19,950Ukraine
88%
12,570France
85%
17,890Spain
83%
51,410Norway
80%
380,240Brazil
78%
30,550Australia
75%
16,430Denmark
75%
10,120Netherlands
75%
42,980Ireland
73%
230,000Argentina
65%
5,000Czech Republic
65%
8,500New Zealand
60%
9,880Switzerland
53%
28,000Uruguay
40%

Score Distribution

Percentile by Number Answered

Percent of People with Each Score

Your Score History

You have not taken this quiz